Statistiken für Hertha BSC - Torschützen 2004/05

Klicken Sie hier um das Quiz zu spielen!

Allgemein

  • Dieses Quiz wurde 8 mal gespielt
  • Das Durchschnittsergebnis liegt bei 5 aus 13

Antwortstatistiken

ToreSpieler% Korrekt
18Marcelinho
75%
2Andreas Neuendorf
63%
6Gilberto
50%
4Alexander Madlung
50%
3Arne Friedrich
50%
1Fredi Bobic
50%
1Artur Wichniarek
50%
6Nando Rafael
38%
4Niko Kovač
38%
2Christian Müller
38%
7Yıldıray Baştürk
25%
3Thorben Marx
0%
2Giuseppe Reina
0%

Verteilung der Resultate

Perzentil nach korrekt beantworteten Fragen

Anzahl Personen mit jedem Resultat

Ihre Resultats-Entwicklung

Sie haben dieses Quiz noch nicht gespielt